000 00329nam a2200133 i 4500
001 bg
100 1 _aNOLKENSTEJN, F. F.
245 0 _aFizika chimija poverchnosti poluprovodnikov /
_cF.F. Nolkenstejn.
260 _aMoskva,
_c1973.
040 _cBPK
041 _apol
942 _cKS
008 s pl f |000 0 pol
999 _c25949
_d25949
856 _uhttp://koha.tu.koszalin.pl/cgi-bin/koha/opac-detail.pl?biblionumber=25949
_yKatalog online BPK